|
|
|
|
| LEADER |
00000nab a2200000 a 4500 |
| 001 |
vtls000642054 |
| 003 |
SK-MaSNL |
| 005 |
20260304093652.0 |
| 008 |
250425c1997 xo 0 slo |
| 015 |
|
|
|a SNBRB19rr/mm-uuuuu
|
| 035 |
|
|
|a CL0642193
|
| 035 |
|
|
|a urn:nbn:sk:snk-abbrav
|
| 035 |
|
|
|a (urnnbn)urn:nbn:sk:snk:ar-0010lj
|
| 035 |
|
|
|a (uuid)b9e2c4ce-2a44-4529-b92f-290f46a9b6d3
|
| 040 |
|
|
|a SNKBUCL
|b slo
|c SNKBUCL
|e AACR2
|
| 041 |
0 |
|
|a slo
|
| 044 |
|
|
|a xo
|c SK
|
| 080 |
|
|
|a 519.71:519.8:681.5.01
|2 1981
|
| 080 |
|
|
|a 519.8
|2 1981
|
| 080 |
|
|
|a 681.5.01
|2 1981
|
| 080 |
|
|
|a 658.52.011.56
|2 1981
|
| 080 |
|
|
|a 519.87
|2 1981
|
| 100 |
1 |
|
|a Čapkovič, František,
|d 1948-
|4 aut
|9 109872
|
| 245 |
1 |
0 |
|a Modelovanie dynamických systémov diskrétnych udalostí a syntéza ich riadenia na základe znalostí
|c František Čapkovič
|
| 300 |
|
|
|b Obr. 5, lit. 9 zázn. v angl.
|
| 650 |
0 |
7 |
|a systémy udalostné diskrétne
|2 snkbucl
|9 972167
|
| 650 |
0 |
7 |
|a modelovanie
|2 snkbucl
|9 15732
|
| 650 |
0 |
7 |
|a riadenie
|2 snkbucl
|9 924
|
| 655 |
|
7 |
|a články z novín a časopisov
|2 snkbucl
|9 267496
|
| 773 |
0 |
|
|t AT&P journal
|g Roč. 4, č. 8 (1997), s. 48-51
|x 1335-2237
|
| 850 |
|
|
|a Slovenská národná knižnica
|
| 852 |
|
|
|a Slovenská národná knižnica
|
| 954 |
|
|
|a odborná, vedecká literatúra pôvodná (slovenská)
|2 lita
|
| 958 |
|
|
|a article15
|
| 958 |
|
|
|a OND
|
| 958 |
|
|
|a NB
|
| 958 |
|
|
|a RK
|
| 958 |
|
|
|a EUIPO
|
| 992 |
|
|
|a RBX
|
| 999 |
|
|
|c 2824096
|d 2826026
|